000 00420cam a22001217a 4500
008 180718b1981 xxu||||| |||| 00| 0 eng d
082 _aA81x54 In2/71/21/Pt 2 A/Suppl
100 _aCensus of India 1971
245 _aUttar Pradesh: general population tables
260 _aNew Delhi
_bThe Manager of Publications
_c1981
300 _a476+p.
440 _aCensus of India 1971. Series-21, Uttar Pradesh. Part II-A (Supplement)
999 _c485754
_d485754